000 00838nam a22002417a 4500
999 _c65060
_d65060
005 20240530110805.0
008 190115s2018 ua a g 000 0 ara d
017 _a2017/27531
_bمصر. دار الكتب
020 _a9789776602366
040 _aEG-CaGPL
_cEG-CaGPL
082 0 4 _221
_a333.79 /
_bا إ
100 0 _aالسيد محمد احمد السريتى
245 1 0 _aاقتصاديات الطاقة /
_cالسيد محمد احمد السريتى
250 _aط.1
260 _aالقاهرة :
_bدار فاروس العلمية،
_c2018 .
300 _a256 ص. :
_bايض ؛
_c24 سم.
650 0 7 _2qrmak
_aمصادر الطاقة
650 0 7 _aالطاقة المتجددة
_2qrmak
650 0 7 _aالطاقة
_2qrmak
_xانواع
651 _2qrmak
942 _2ddc
_cBK